[Event "Rome Elo op 4th"]
[Site "Rome"]
[Date "2009.06.17"]
[Round "7"]
[White "Gamberale, Francesco"]
[Black "Gargiulo, Mariano"]
[Result "0-1"]
[WhiteElo "1434"]
[BlackElo "1863"]
[PlyCount "78"]
[EventDate "2009.05.06"]
[EventType "swiss"]
[EventRounds "7"]
[EventCountry "ITA"]
[SourceTitle "EXT 2011"]
[Source "ChessBase"]
[SourceDate "2010.11.26"]
[SourceVersion "1"]
[SourceVersionDate "2010.11.26"]
[SourceQuality "1"]

1. d4 d6 2. c4 Nd7 3. Nf3 e5 4. b3 c6 5. Bb2 e4 6. Nfd2 d5 7. cxd5 cxd5 8. e3 Ngf6 9. Be2 Bd6 10. Ba3 Nb6 11. Bxd6 Qxd6 12. f3 Bf5 13. Nc3 0-0 14. fxe4 Nxe4 15. Ncxe4 dxe4 16. 0-0 Qd7 17. Rc1 Rac8 18. Rxc8 Rxc8 19. Rxf5 Qxf5 20. Bg4 Qg5 21. Bxc8 Qxe3+ 22. Kh1 Nxc8 23. Nc4 Qd3 24. Qxd3 exd3 25. Kg1 Nb6 26. Kf2 Nd5 27. a3 Kf8 28. g3 Ke7 29. Na5 d2 30. Ke2 Nc3+ 31. Kxd2 Nb1+ 32. Kd3 Nxa3 33. Ke4 f6 34. Nc4 Nxc4 35. bxc4 b6 36. h4 h5 37. Kf5 a5 38. Ke4 Kd6 39. Kd3 g5 0-1

[Event "Rome Elo op 4th"]
[Site "Rome"]
[Date "2009.05.27"]
[Round "4"]
[White "Gargiulo, Mariano"]
[Black "Colantonio, Marco"]
[Result "1/2-1/2"]
[WhiteElo "1863"]
[BlackElo "1692"]
[PlyCount "83"]
[EventDate "2009.05.06"]
[EventType "swiss"]
[EventRounds "7"]
[EventCountry "ITA"]
[SourceTitle "EXT 2011"]
[Source "ChessBase"]
[SourceDate "2010.11.26"]
[SourceVersion "1"]
[SourceVersionDate "2010.11.26"]
[SourceQuality "1"]

1. e4 d6 2. Nf3 Nf6 3. Nc3 Bg4 4. Bc4 e5 5. d3 Nc6 6. a3 Qd7 7. Bg5 Be7 8. h3 Bxf3 9. Qxf3 Nd4 10. Qd1 h6 11. Be3 Rf8 12. Bxd4 exd4 13. Nb5 c5 14. a4 a6 15. 0-0 0-0-0 16. Na3 Qxa4 17. Nb5 Qb4 18. c3 Qxb2 19. Ra2 Qxa2 20. Na7+ Kb8 21. Nc6+ bxc6 22. Bxa2 Ka7 23. Qa4 Rb8 24. Ra1 Rb6 25. Bc4 Kb7 26. Bxa6+ Kc7 27. Bc4 Rfb8 28. cxd4 cxd4 29. Bxf7 c5 30. Qc4 Nd7 31. Bd5 Ne5 32. Ra7+ Kd8 33. Qa4 Bg5 34. Rxg7 Rb1+ 35. Kh2 Bf4+ 36. g3 Nf3+ 37. Kg2 Ne1+ 38. Kf1 Nf3+ 39. Kg2 Ne1+ 40. Kh2 Nf3+ 41. Kg2 Ne1+ 42. Kh1 1/2-1/2

[Event "Rome Accademia Autunno op"]
[Site "Rome"]
[Date "2006.10.20"]
[Round "1"]
[White "Gargiulo, Mariano"]
[Black "Wollenweber, Carsten"]
[Result "1/2-1/2"]
[WhiteElo "1887"]
[BlackElo "2156"]
[PlyCount "122"]
[EventDate "2006.10.20"]
[EventType "swiss"]
[EventRounds "5"]
[EventCountry "ITA"]
[SourceTitle "EXT 2023"]
[Source "ChessBase"]
[SourceDate "2022.10.05"]
[SourceVersion "1"]
[SourceVersionDate "2022.10.05"]
[SourceQuality "1"]

1. e4 d5 2. exd5 Nf6 3. Nf3 Nxd5 4. d4 g6 5. c4 Nb6 6. Nc3 Bg7 7. Bf4 0-0 8. Be2 Bg4 9. 0-0 c6 10. c5 Nd5 11. Nxd5 Qxd5 12. Be3 Nd7 13. h3 Bf5 14. Qd2 Rad8 15. Qb4 b5 16. Nd2 e5 17. Bf3 Qe6 18. Rfe1 Rfe8 19. Nb3 Qf6 20. Be2 Qh4 21. Qd2 h6 22. Bf1 Kh7 23. g3 Qf6 24. Bg2 e4 25. a4 a6 26. axb5 axb5 27. Kh2 Qe6 28. Na5 g5 29. Nb7 Rb8 30. Nd6 Red8 31. Nxf5 Qxf5 32. Bf4 Nf6 33. Bxb8 Rxb8 34. Qc2 Re8 35. Ra6 Qc8 36. Rb6 Kg8 37. Bxe4 Kf8 38. f3 Nd5 39. Bf5 Qa8 40. Rxe8+ Qxe8 41. Be4 Nxb6 42. cxb6 Bxd4 43. Bxc6 Qe3 44. Qg2 Bxb6 45. Bxb5 Bc5 46. Bc4 h5 47. b3 Bd6 48. Kh1 Qe1+ 49. Qg1 Bxg3 50. Qxe1 Bxe1 51. Kg2 Ke7 52. Kf1 Bb4 53. Ke2 f5 54. Kd3 Kd6 55. Bf7 h4 56. Kc4 Be1 57. b4 Ke5 58. b5 Bf2 59. Kb4 Kf4 60. Bd5 Bb6 61. Kc4 Ke5 1/2-1/2